Algebraic topology--homotopy and homology /
Guardado en:
| Autor Principal: | |
|---|---|
| Formato: | Libro |
| Idioma: | English |
| Publicado: |
Berlin :
Springer-Verlag,
1975.
|
| Series: | Die Grundlehren der mathematischen Wissenschaften in Einzeldarstellungen mit besonderer Berücksichtigung der Anwendungsgebiete ;
Bd. 212 |
| Materias: | |
| Etiquetas: |
Agregar Etiqueta
Sin Etiquetas, Sea el primero en etiquetar este registro!
|
| LEADER | 01115cam a2200265 a 4500 | ||
|---|---|---|---|
| 001 | MAT.inmabb002926 | ||
| 008 | 741001s1975####gw#######b####001#0#eng## | ||
| 005 | 20130311135529.0 | ||
| 245 | 1 | 0 | |a Algebraic topology--homotopy and homology / |c Robert M. Switzer. |
| 260 | |a Berlin : |b Springer-Verlag, |c 1975. | ||
| 300 | |a xii, 526 p. ; |c 24 cm. | ||
| 440 | 4 | |a Die Grundlehren der mathematischen Wissenschaften in Einzeldarstellungen mit besonderer Berücksichtigung der Anwendungsgebiete ; |v Bd. 212 | |
| 500 | |a "This book is the result of lecture courses ... given by the author at the University of Manchester in 1967-1970, at Cornell University in 1970-1971, and at the Georg August University, Göttingen, in 1971-1972." | ||
| 504 | |a Bibliografía: p. [518]-521. | ||
| 510 | 4 | |a MR, |c 52 #6695 | |
| 020 | |a 3540067582 | ||
| 020 | |a 0387067582 (New York) | ||
| 100 | 1 | |a Switzer, Robert M., |d 1940- | |
| 650 | 0 | |a Algebraic topology. | |
| 650 | 0 | |a Homotopy theory. | |
| 650 | 0 | |a Homology theory. | |
| 084 | |a 55-02 |2 msc2000 | ||
| 010 | |a 74022378 | ||
| 040 | |a DLC |c DLC |d DLC | ||
| 859 | |h 55 |i Sw979 |p A-4992 |b BIB. MATEMATICA | ||
